| 000 | 00959nam a2200229 i 4500 | ||
|---|---|---|---|
| 001 | 83126 | ||
| 003 | ES-MaACL | ||
| 005 | 20250726072722.0 | ||
| 007 | t| | ||
| 008 | 180606s1929 sp ||||1| spa d | ||
| 100 | 1 |
_aGómez Llueca, Federico. _9142246 |
|
| 245 | 1 | 4 | _aLos numulítidos de España / por Federico Gómez Llueca. |
| 260 |
_aMadrid : _bMuseo Nacional de Ciencias Naturales, _c1929. |
||
| 300 |
_a400, [34] p., XXXIII p. de lám. : _bil. ; _c28 cm. |
||
| 490 | 1 |
_aComisión de Investigaciones Paleontológicas y Prehistóricas. Memoria ; _v36. Paleontológica ; 8 |
|
| 504 | _aBibliografía: p. 388-394. | ||
| 594 | _aPrecede al título: Junta para Ampliación de Estudios e Investigaciones Científicas. | ||
| 650 | 4 |
_aNummulites- _zEspaña. _9164905 |
|
| 830 | 0 | 0 |
_aComisión de Investigaciones Paleontológicas y Prehistóricas. Memoria _v36. Paleontológica ; 8 _9183771 |
| 852 |
_aES-MaACL _jB-13009 |
||
| 999 |
_c83126 _d83126 |
||